Discourse features of english texts introducing museums /

This study is aimed at examining discourse features of English Texts Introducing Museums (ETIMs). The data for analysis in this thesis are 160 samples of ETIMs collected from the official websites of museums in London, England. The study was conducted based on the combination of a variety of methods...

Mô tả đầy đủ

Đã lưu trong:
Chi tiết về thư mục
Tác giả chính: Nguyễn,Thị Thúy Hằng.
Định dạng: Sách
Ngôn ngữ:English
Được phát hành: ĐHNN, 2016.
Những chủ đề:
Các nhãn: Thêm thẻ
Không có thẻ, Là người đầu tiên thẻ bản ghi này!
Thư viện lưu trữ: Mạng thư viện Đại học Đà Nẵng
LEADER 03916nam a22003731a 4500
001 000041139
003 17435
005 20240619153418.0
008 170223s2016 vm 000 eng
040 |a LNN 
041 |a eng 
082 |a 428.3022  |b NG-H 
100 |a Nguyễn,Thị Thúy Hằng. 
245 0 |a Discourse features of english texts introducing museums /  |c Nguyễn Thị Thúy Hằng. 
260 |a ĐHNN,  |c 2016. 
300 |a 80tr . : ill ; 30cm. 
520 |a This study is aimed at examining discourse features of English Texts Introducing Museums (ETIMs). The data for analysis in this thesis are 160 samples of ETIMs collected from the official websites of museums in London, England. The study was conducted based on the combination of a variety of methods such as descriptive, analytic and inductive ones. The study focused on analyzing discourse features of ETIMs in terms of their layout, syntactic structures, lexical choices and cohesive devices. The findings of this study were clearly presented based on survey of 160 English Texts Introducing Museums. With regard to layout, the Headline, the Slogan, the Illustration and the Body Copy are the four main components of ETIMs. Furthermore, relative clauses, the passive voice and imperative sentences are the most striking structures in ETIMs. In addition, descriptive adjectives, noun phrases as proper names, addressing terms and personal pronouns are prominent lexical choices in ETIMs. Finally, the investigation of cohesive devices revealed that reference, conjunction, repetition, ellipsis and synonym are the devices employed with high frequencies. On the basis of the findings, some practical implications for teaching and learning English were suggested. The study provides an insight into discourse features of texts in general as well as English Texts Introducing Museums in particular. It is hoped that the findings of this thesis will probably be useful for those who are interested in texts, especially English Texts Introducing Museums. 
650 |a discourse features 
852 |c english texts 
OWN |a LNN 
AVA |a UDN50  |b LNN  |c English  |d 428.3022 NG-H  |e available  |t Error 5001 Not defined in file expand_doc_bib_avail.  |f 1  |g 0  |h N  |i 0  |j AN  |k 1 
Z40 3 |y DISCOURSE FEATURES OF ENGLISH TEXTS INTRODUCING MUSEUMS  |l Library of UFL  |t VIEW  |x http://catalog.udn.vn:80/F?func=service&doc_library=UDN01&local_base=UDN01&doc_number=000041139&sequence=000001&line_number=0001&func_code=DB_RECORDS&service_type=MEDIA  |f TOMTAT_000008006.pdf  |e pdf  |s 000592504  |k 20200913  |m NTMTHI 
Z40 3 |y DISCOURSE FEATURES OF ENGLISH TEXTS INTRODUCING MUSEUMS  |l Library of UFL  |t VIEW  |x http://catalog.udn.vn:80/F?func=service&doc_library=UDN01&local_base=UDN01&doc_number=000041139&sequence=000002&line_number=0002&func_code=DB_RECORDS&service_type=MEDIA  |f LUANVAN_000008008.pdf  |e pdf  |s 001161870  |k 20200913  |m NTMTHI 
999 |a From the UDN01 
AVA |a UDN50  |b LNN  |c English  |d 428.3022 NG-H  |e available  |t Error 5001 Not defined in file expand_doc_bib_avail.  |f 1  |g 0  |h N  |i 0  |j AN  |k 1 
TYP |a Monograph 
TYP |a Printed language 
856 |y DISCOURSE FEATURES OF ENGLISH TEXTS INTRODUCING MUSEUMS  |l Library of UFL  |t VIEW  |x http://catalog.udn.vn:80/F?func=service&doc_library=UDN01&local_base=UDN01&doc_number=000041139&sequence=000001&line_number=0001&func_code=DB_RECORDS&service_type=MEDIA  |f TOMTAT_000008006.pdf  |e pdf  |s 000592504  |k 20200913  |m NTMTHI 
856 |y DISCOURSE FEATURES OF ENGLISH TEXTS INTRODUCING MUSEUMS  |l Library of UFL  |t VIEW  |x http://catalog.udn.vn:80/F?func=service&doc_library=UDN01&local_base=UDN01&doc_number=000041139&sequence=000002&line_number=0002&func_code=DB_RECORDS&service_type=MEDIA  |f LUANVAN_000008008.pdf  |e pdf  |s 001161870  |k 20200913  |m NTMTHI 
980 |a Mạng thư viện Đại học Đà Nẵng